000 00302nam a2200133Ia 4500
100 _aMinistry of Labour
942 _cBK
654 _aRelations handbooks
245 _aIndustrial Relations Handbook
260 _bHer Majestys
_aLondon
_c1961
082 _a331.0202
546 _aENGLISH
999 _c20744
_d20744